| 000 | 00691nam a2200229Ia 4500 | ||
|---|---|---|---|
| 003 | OSt | ||
| 005 | 20260425123804.0 | ||
| 008 | 210210b1988 xxu||||| |||| 00| 0 eng d | ||
| 040 | _cAL | ||
| 041 | _aKannada | ||
| 082 | _aK894.109 NARD | ||
| 100 |
_aNARAYANA (K V): _9175163 _dನಾರಾಯಣ ಕೆ ವಿ |
||
| 245 |
_aDhvanyaloka: ondu adhyayana: _bಧ್ವನ್ಯಲೋಕ: ಒಂದು ಅಧ್ಯಯನ |
||
| 260 |
_aBengaluru _bKannada Sahitya Parishattu _c1988 |
||
| 300 | _aviii,344 | ||
| 650 |
_aondu _9175164 |
||
| 650 |
_aDhvanyaloka: _9175165 |
||
| 650 |
_aadhyayana. _9175166 |
||
| 690 |
_aKannada Poetry Criticism _9175167 |
||
| 906 | _a041530 | ||
| 942 |
_2ddc _cBK |
||
| 999 |
_c91684 _d91684 |
||